Technology by Letter: P - Statistics

General Stats
  • This quiz has been taken 20 times
  • The average score is 7 of 14
Answer Stats
Hint Answer % Correct
Glass body to decompose white light into colours Prism
80%
Pioneer antibiotic Penicillin
75%
Makes a field ready for sowing Plough / Plow
75%
Rotating blade to make air move Propeller
65%
Wood product used for storing information Paper
55%
Technology to make permanent copies of what you see Photography
55%
Product of nuclear power plants Plutonium
55%
Tool for book production Printing press
55%
Group of industrial organic materials Plastic
50%
The art of processing clay Pottery
35%
Moves liquids or creates a vacuum Pump
35%
Archaic computer programming medium Punch card
35%
One of the above, e.g. styrofoam Polystyrene
25%
A type of computer chips Processor
20%
No matching quizzes found
Score Distribution
Percent of People with Each Score
Percentile by Number Answered
Your Score History
You have not taken this quiz